Normal view
MARC view
- الثقافة العربية - مقالات ومحاضرات
Entry Topical Term
001 - CONTROL NUMBER
- control field: 46219
003 - CONTROL NUMBER IDENTIFIER
- control field: JO-AjAnu
005 - DATE AND TIME OF LATEST TRANSACTION
- control field: 20230606081635.0
008 - FIXED-LENGTH DATA ELEMENTS
- fixed length control field: 230606|| aca||aabn | a|a d
040 ## - CATALOGING SOURCE
- Original cataloging agency: JO-AjAnu
- Transcribing agency: JO-AjAnu
150 ## - HEADING--TOPICAL TERM
- Topical term or geographic name entry element: الثقافة العربية - مقالات ومحاضرات
670 ## - SOURCE DATA FOUND
- Source citation: Work cat.: (JO-AjAnu)23658: مقدسي، سمير... وآخرون؛ مراجعة وتقديم سالم ساري, author 46218, الثقافة العربية وأسئلة التنمية والتحديث